[Event "Moscow op-E"]
[Site "Moscow"]
[Date "2011.01.29"]
[Round "1.195"]
[White "Chilingoryan, Pavel"]
[Black "Yeo, Michael J"]
[Result "0-1"]
[WhiteElo "1771"]
[BlackElo "2189"]
[PlyCount "92"]
[EventDate "2011.01.29"]
[EventType "swiss"]
[EventRounds "9"]
[EventCountry "RUS"]
[SourceTitle "EXT 2022"]
[Source "ChessBase"]
[SourceDate "2021.10.06"]
[SourceVersion "1"]
[SourceVersionDate "2021.10.06"]
[SourceQuality "1"]

1. Nf3 Nf6 2. g3 g6 3. Bg2 Bg7 4. 0-0 d5 5. d3 c5 6. Nbd2 Nc6 7. c3 0-0 8. Qc2 e5 9. e4 h6 10. Re1 Re8 11. a4 b6 12. exd5 Nxd5 13. Nc4 Bb7 14. Ne3 Nxe3 15. Bxe3 Qd7 16. Rad1 Rad8 17. Re2 e4 18. Ne1 Ne5 19. Red2 exd3 20. Nxd3 Nf3+ 21. Bxf3 Bxf3 22. Rc1 Be4 23. Nxc5 Bxc2 24. Nxd7 Bxa4 25. Nxb6 axb6 26. Rxd8 Rxd8 27. Bxb6 Rb8 28. Bd4 Rxb2 29. Bxg7 Kxg7 30. Re1 Bc6 31. Rc1 Be4 32. Re1 Rb1 33. Rxb1 Bxb1 34. f4 Kf6 35. Kf2 Ke6 36. Ke3 Kd5 37. g4 Kc4 38. Kd2 g5 39. fxg5 hxg5 40. Ke3 Kxc3 41. Kf3 Kd4 42. Kg3 Ke5 43. h4 gxh4+ 44. Kxh4 Kf4 45. g5 Bg6 46. Kh3 Kxg5 0-1